[Event "AUTO-ADV-410"]
[Site "http://www.queenalice.com/game.php?id=169940"]
[Date "2007.2.17"]
[Round "1"]
[White "mazzini"]
[Black "astrologo"]
[Result "0-1"]
[WhiteElo "1710"]
[BlackElo "1643"]

1. e4 c5 2. b3 Nc6 3. Bb2 d5 4. exd5 Qxd5 5. h3 Nf6 6. Bxf6 exf6 7. c4 Qd4 8.
Nc3 Be6 9. Nf3 Qd7 10. Qe2 Be7 11. Rd1 O-O 12. Qe3 Rfe8 13. Be2 Bf8 14. Qd3 Qxd3
15. Bxd3 Bxc4+ 16. Be4 Ba6 17. d3 f5 18. O-O fxe4 19. dxe4 Bxf1 20. Kxf1 Rad8
21. Ke2 Rxd1 22. Nxd1 Rxe4+ 23. Kf1 Nd4 24. Nxd4 cxd4 25. f3 Re6 26. Kf2 Ra6 27.
a4 Rb6 0-1

[Event "AUTO-ADV-410"]
[Site "http://www.queenalice.com/game.php?id=169941"]
[Date "2007.2.17"]
[Round "1"]
[White "astrologo"]
[Black "mazzini"]
[Result "1-0"]
[WhiteElo "1675"]
[BlackElo "1695"]

1. e4 e5 2. Nc3 Nc6 3. Bc4 Bb4 4. Qg4 d5 5. Qxg7 Qf6 6. Qxf6 Nxf6 7. Nxd5 Nxd5
8. Bxd5 Bd7 9. c3 Bd6 10. Nf3 Rg8 11. g3 h6 12. d3 Rb8 13. Bxh6 Ne7 14. Bb3 Bg4
15. Nh4 Ng6 16. Nxg6 Rxg6 17. Be3 f6 18. Bxa7 Rd8 19. Be3 f5 20. exf5 Bxf5 21.
O-O-O Be7 22. d4 Bg4 23. Rd2 Re6 24. Bxe6 Bxe6 25. dxe5 Rc8 26. a3 c5 27. f4 b6
28. h4 Kf7 29. h5 Kg7 30. g4 Bxg4 31. Rg1 Kh6 32. Rxg4 Kxh5 33. Rg7 1-0

[Event "AUTO-ADV-410"]
[Site "http://www.queenalice.com/game.php?id=169942"]
[Date "2007.2.17"]
[Round "1"]
[White "mazzini"]
[Black "jeffersonchess"]
[Result "0-1"]
[WhiteElo "1690"]
[BlackElo "1899"]

1. e4 e6 2. d4 d5 3. exd5 exd5 4. c3 Bd6 5. h3 Ne7 6. Nf3 O-O 7. Be2 Re8 8. O-O
Bf5 9. Nbd2 c6 10. Nb3 Nd7 11. Bd3 Qc7 12. Qc2 Bxd3 13. Qxd3 Ng6 14. Be3 Bf4 15.
Bxf4 Nxf4 16. Qc2 Re2 17. Qf5 Rae8 18. Rab1 b6 19. g3 Ng6 20. Nc1 R2e7 21. Nd3
f6 22. Rbe1 Ndf8 23. a4 Rxe1 24. Ndxe1 Ne7 25. Qd3 Qc8 26. c4 Qxh3 27. cxd5 Nxd5
28. Qb3 Kh8 29. Nd3 Qg4 30. Kg2 Ng6 31. Qc4 Ndf4+ 32. Nxf4 Nxf4+ 0-1

[Event "AUTO-ADV-410"]
[Site "http://www.queenalice.com/game.php?id=169943"]
[Date "2007.2.17"]
[Round "1"]
[White "jeffersonchess"]
[Black "mazzini"]
[Result "1-0"]
[WhiteElo "1915"]
[BlackElo "1628"]

1. d4 d5 2. c4 e6 3. Nc3 h6 4. Nf3 Nf6 5. a3 Nc6 6. Bf4 a6 7. e3 Bd6 8. Bxd6
Qxd6 9. c5 Qe7 10. Bd3 e5 11. dxe5 Nxe5 12. Nxe5 Qxe5 13. Qc2 d4 14. Nd1 O-O 15.
O-O Ng4 16. g3 Qh5 17. f3 Ne5 18. Be4 d3 19. Bxd3 Nxf3+ 20. Kh1 Bh3 21. Rf2 Ne1
22. Qd2 Nxd3 23. Qxd3 Rad8 24. Qc2 Rfe8 25. e4 Qg6 26. Nc3 c6 27. Re1 Re5 28.
Kg1 Rde8 29. b4 Bg4 30. Rf4 h5 31. Kg2 h4 32. Qa2 h3+ 33. Kg1 R8e7 34. Qc4 Rd7
35. Rf2 Kh8 36. a4 Be6 37. Qe2 f5 38. Rf4 Rd4 39. b5 cxb5 40. axb5 Rxc5 41. exf5
Bxf5 42. Rxd4 Rxc3 43. bxa6 bxa6 44. Rh4+ Kg8 45. Qa2+ Kf8 46. Qa4 Qb6+ 47. Kh1
Qb7+ 48. Kg1 Qb6+ 49. Rd4 Rd3 50. Qe8# 1-0

[Event "AUTO-ADV-415"]
[Site "http://www.queenalice.com/game.php?id=171602"]
[Date "2007.2.20"]
[Round "1"]
[White "csadler"]
[Black "mazzini"]
[Result "1-0"]
[WhiteElo "1839"]
[BlackElo "1689"]

1. d4 d5 2. c4 e6 3. Nc3 Nc6 4. Nf3 h6 5. Bf4 Bd6 6. Bxd6 Qxd6 7. e3 Nf6 8. cxd5
exd5 9. Bd3 O-O 10. O-O Bg4 11. h3 Bxf3 12. Qxf3 Nb4 13. Be2 Rfe8 14. a3 Nc6 15.
b4 a6 16. Rac1 b5 17. Bd3 Ne7 18. Rfe1 Ng6 19. Rc2 Nh4 20. Qg3 Qxg3 21. fxg3 Ng6
22. e4 c6 23. e5 Nd7 24. Ne2 a5 25. Rxc6 axb4 26. axb4 Ra3 27. Bxg6 fxg6 28.
Rxg6 Rb3 29. Nf4 Rxb4 30. Nh5 Re7 31. e6 Nf8 32. Rxg7+ Rxg7 33. Nxg7 Kxg7 34. e7
1-0

[Event "AUTO-ADV-415"]
[Site "http://www.queenalice.com/game.php?id=171603"]
[Date "2007.2.20"]
[Round "1"]
[White "mazzini"]
[Black "csadler"]
[Result "0-1"]
[WhiteElo "1716"]
[BlackElo "1819"]

1. e4 d6 2. d4 Nf6 3. Bd3 g6 4. h3 Bg7 5. Nf3 O-O 6. O-O c6 7. Be3 b5 8. b4 Nbd7
9. Nc3 a6 10. Re1 Bb7 11. Qd2 e5 12. dxe5 dxe5 13. Bg5 Qb6 14. Bh6 Rad8 15. Bxg7
Kxg7 16. Qg5 h6 17. Qd2 c5 18. bxc5 Nxc5 19. Nxe5 Ncxe4 20. Nxe4 Nxe4 21. Rxe4
Bxe4 22. Qc3 Qd4 23. Qxd4 Rxd4 24. Bxe4 Rxe4 25. Nd7 Rc8 26. Rc1 Rec4 27. Nb6
Rxc2 28. Rxc2 Rxc2 29. a4 b4 30. a5 b3 0-1

[Event "AUTO-ADV-415"]
[Site "http://www.queenalice.com/game.php?id=171620"]
[Date "2007.2.20"]
[Round "1"]
[White "mazzini"]
[Black "dladetto"]
[Result "0-1"]
[WhiteElo "1706"]
[BlackElo "1902"]

1. e4 e5 2. Nf3 Nf6 3. Nc3 Nc6 4. Bb5 Bb4 5. Bxc6 Bxc3 6. dxc3 bxc6 7. O-O d6 8.
Bg5 h6 9. Bh4 g5 10. Bg3 Bg4 11. h3 Bh5 12. Qd3 g4 13. hxg4 Bxg4 14. Nh2 Rg8 15.
Qa6 Qd7 16. Qb7 Ke7 17. b4 Be2 18. Rfe1 Bb5 19. a4 Rgb8 20. Qxb8 Rxb8 21. axb5
cxb5 22. Rxa7 Ne8 23. Bh4+ f6 24. Ng4 Qxg4 0-1

[Event "AUTO-ADV-415"]
[Site "http://www.queenalice.com/game.php?id=171621"]
[Date "2007.2.20"]
[Round "1"]
[White "dladetto"]
[Black "mazzini"]
[Result "1-0"]
[WhiteElo "1910"]
[BlackElo "1698"]

1. d4 d5 2. Nc3 e6 3. Nf3 h6 4. Bf4 Nf6 5. e3 a6 6. Bd3 Bb4 7. O-O Bxc3 8. bxc3
O-O 9. c4 c6 10. a4 a5 11. h3 Nh5 12. Bh2 Na6 13. c3 dxc4 14. Bxc4 Nf6 15. Qd3
c5 16. Rab1 Re8 17. Rfd1 b6 18. Ne5 Bb7 19. Ba2 Be4 20. Qe2 Bxb1 21. Bxb1 Ne4
22. Qd3 Nf6 23. Ng4 Nxg4 24. Qh7+ Kf8 25. hxg4 Ke7 26. Be5 Kd7 27. dxc5+ 1-0

[Event "AUTO-ADV-415"]
[Site "http://www.queenalice.com/game.php?id=171622"]
[Date "2007.2.20"]
[Round "1"]
[White "mazzini"]
[Black "ray"]
[Result "0-1"]
[WhiteElo "1599"]
[BlackElo "1782"]

1. e4 c5 2. b3 Nc6 3. Bb2 g6 4. Bxh8 f6 5. Nf3 Nh6 6. Bxf6 exf6 7. a3 Bg7 8. Nc3
d6 9. Bc4 f5 10. O-O fxe4 11. Nxe4 Bxa1 12. Qxa1 Qe7 13. Qh8+ Qf8 0-1

[Event "AUTO-ADV-415"]
[Site "http://www.queenalice.com/game.php?id=171623"]
[Date "2007.2.20"]
[Round "1"]
[White "ray"]
[Black "mazzini"]
[Result "1-0"]
[WhiteElo "1769"]
[BlackElo "1590"]

1. c4 c5 2. Nc3 e6 3. g3 Nf6 4. Bg2 Nc6 5. e3 b6 6. Nge2 Bb7 7. O-O Rb8 8. Nf4
Bd6 9. d4 Bxf4 10. exf4 O-O 11. d5 exd5 12. cxd5 Ne7 13. d6 1-0

[Event "Open Challenge #A"]
[Site "http://www.queenalice.com/game.php?id=175269"]
[Date "2007.2.28"]
[Round "-"]
[White "Kirkland"]
[Black "mazzini"]
[Result "1-0"]
[WhiteElo "2275"]
[BlackElo "1681"]

1. e4 e5 2. Nf3 Nc6 3. d4 exd4 4. Nxd4 Nxd4 5. Qxd4 d6 6. Bc4 Qd7 7. Nc3 a6 8.
Nd5 c5 9. Qc3 b5 10. Nb6 Qc6 11. Bd5 Qxb6 12. Bxa8 b4 13. Qg3 Bb7 14. Bxb7 Qxb7
15. O-O Nf6 16. Re1 Be7 17. e5 Ne4 18. Qxg7 Rf8 19. exd6 Nxd6 20. Bh6 Nf5 21.
Qxf8+ Kd7 22. Qxf7 Nh4 23. Rxe7+ 1-0

[Event "Open Challenge #B"]
[Site "http://www.queenalice.com/game.php?id=175270"]
[Date "2007.2.28"]
[Round "-"]
[White "mazzini"]
[Black "Kirkland"]
[Result "0-1"]
[WhiteElo "1704"]
[BlackElo "2279"]

1. e4 c5 2. b3 e5 3. Bb2 Nc6 4. Bb5 Nge7 5. Bxc6 Nxc6 6. Nf3 d6 7. h3 g6 8. O-O
Bg7 9. d3 O-O 10. c4 f5 11. Ng5 Qxg5 12. Nc3 f4 13. Bc1 Bxh3 14. g3 Nd4 15. Re1
Bg4 16. Ne2 Nf3+ 17. Kg2 Bh3+ 18. Kxh3 Qh5+ 19. Kg2 Qh2+ 20. Kxf3 fxg3+ 21. Bf4
Qxf2+ 22. Kg4 h5+ 23. Kg5 Qf3 24. Nxg3 Qxf4+ 25. Kxg6 Qh6# 0-1

[Event "Challenge"]
[Site "http://www.queenalice.com/game.php?id=183672"]
[Date "2007.3.17"]
[Round "-"]
[White "Rusty"]
[Black "mazzini"]
[Result "1-0"]
[WhiteElo "2000"]
[BlackElo "1654"]

1. d4 d5 2. c4 e6 3. Nf3 Nc6 4. e3 a6 5. Nc3 Nf6 6. cxd5 Nxd5 7. Bd2 Be7 8. Nxd5
Qxd5 9. Be2 O-O 10. O-O Re8 11. a3 h6 12. Rc1 Bd6 13. Re1 b5 14. e4 Qh5 15. Rxc6
Bb7 16. e5 Bxc6 17. exd6 cxd6 18. Ne5 Qf5 19. Nxc6 Qd5 20. Bf3 Qc4 21. Ne7+ Rxe7
22. Bxa8 Qxd4 23. Bb4 1-0

[Event "AUTO-ADV-451"]
[Site "http://www.queenalice.com/game.php?id=190105"]
[Date "2007.3.31"]
[Round "1"]
[White "astrologo"]
[Black "mazzini"]
[Result "1-0"]
[WhiteElo "1961"]
[BlackElo "1634"]

1. Nf3 d6 2. e4 e5 3. Bc4 Nf6 4. d3 h6 5. O-O a6 6. Nc3 b5 7. Bb3 Be7 8. a4 b4
9. Nd5 Bb7 10. Nxb4 c5 11. Na2 O-O 12. Nc3 Nc6 13. Nd5 Na5 14. Nxe7+ Qxe7 15.
Ba2 Qd7 16. Bd2 Qc7 17. Nh4 Bc6 18. f4 Bxa4 19. Bxf7+ Rxf7 20. Rxa4 Nc6 21. f5
Qd7 22. Ra1 Qd8 23. Ng6 Qb6 24. Qc1 Ne7 25. b3 Nxg6 26. fxg6 Rc7 27. Kh1 Ng4 28.
h3 Nf6 29. Bxh6 gxh6 30. Rxf6 Kg7 31. Qf1 Raa7 32. Qf5 a5 33. Qe6 Rd7 34. Raf1
Qd8 35. Rf7+ Rxf7 36. Rxf7+ Rxf7 37. Qxf7+ 1-0

[Event "AUTO-ADV-451"]
[Site "http://www.queenalice.com/game.php?id=190106"]
[Date "2007.3.31"]
[Round "1"]
[White "mazzini"]
[Black "astrologo"]
[Result "0-1"]
[WhiteElo "1631"]
[BlackElo "1953"]

1. e4 Nf6 2. Nc3 e5 3. Nf3 Nc6 4. Bb5 d6 5. Bxc6+ bxc6 6. h3 Be7 7. O-O O-O 8.
a3 a5 9. d3 h6 10. d4 exd4 11. Qxd4 Bb7 12. Re1 c5 13. Qc4 c6 14. e5 d5 15. Qe2
Nh7 16. Na4 Re8 17. Rd1 Qc7 18. e6 fxe6 19. Qxe6+ Kh8 20. Qe2 c4 21. Qd2 Bf6 22.
Nc5 Bc8 23. c3 a4 24. Nd4 Qd6 25. b4 axb3 26. Ncxb3 cxb3 27. Nxb3 Bg5 28. Qb2
Bxc1 29. Nxc1 Ba6 30. Nd3 Ng5 31. Re1 Bxd3 32. Red1 Bc4 33. Rd4 Re2 34. Qb7 Rae8
35. Rdd1 Qc5 36. Rf1 Rc2 37. Qd7 Rf8 38. Rae1 Bxf1 39. Rxf1 Rcxf2 40. Rxf2 Qxf2+
41. Kh1 Qg3 0-1

[Event "AUTO-ADV-451"]
[Site "http://www.queenalice.com/game.php?id=190121"]
[Date "2007.3.31"]
[Round "1"]
[White "rxk"]
[Black "mazzini"]
[Result "1-0"]
[WhiteElo "1730"]
[BlackElo "1610"]

1. d4 d5 2. c4 e6 3. Nf3 Nc6 4. Nc3 h6 5. e3 Bb4 6. cxd5 Bxc3+ 7. bxc3 Qxd5 8.
c4 Qd7 9. Bd3 Nf6 10. O-O O-O 11. Ba3 a6 12. Bxf8 Kxf8 13. Re1 b6 14. a3 a5 15.
Ne5 Nxe5 16. dxe5 Ne8 17. f4 c5 18. Qe2 Bb7 19. Red1 Qc6 20. e4 Rd8 21. Bc2
Rxd1+ 22. Rxd1 f6 23. Rd8 Kf7 24. f5 fxe5 25. Qh5+ Ke7 26. Qh4+ Kf8 27. f6 Qc7
28. fxg7+ 1-0

[Event "AUTO-ADV-451"]
[Site "http://www.queenalice.com/game.php?id=190122"]
[Date "2007.3.31"]
[Round "1"]
[White "mazzini"]
[Black "rxk"]
[Result "0-1"]
[WhiteElo "1652"]
[BlackElo "1694"]

1. e4 c5 2. b3 Nf6 3. e5 Nd5 4. Bb2 Nc6 5. c4 Nf4 6. d3 d6 7. Nf3 Bg4 8. h3 Bxf3
9. Qxf3 Ne6 10. Nd2 dxe5 11. Be2 Ncd4 12. Qe3 Nc2+ 0-1

[Event "AUTO-ADV-451"]
[Site "http://www.queenalice.com/game.php?id=190131"]
[Date "2007.3.31"]
[Round "1"]
[White "Marcellus"]
[Black "mazzini"]
[Result "1-0"]
[WhiteElo "1852"]
[BlackElo "1581"]

1. Nc3 e5 2. Nf3 Nc6 3. e4 Bb4 4. Nd5 Bc5 5. Nxe5 Nxe5 6. d4 c6 7. Nf4 Bb4+ 8.
c3 Ba5 9. dxe5 Qe7 10. Qd6 Qxd6 11. exd6 Nf6 12. e5 Nd5 13. Nxd5 1-0

[Event "AUTO-ADV-451"]
[Site "http://www.queenalice.com/game.php?id=190132"]
[Date "2007.3.31"]
[Round "1"]
[White "mazzini"]
[Black "Marcellus"]
[Result "0-1"]
[WhiteElo "1576"]
[BlackElo "1874"]

1. e4 e5 2. Nf3 Nc6 3. Bb5 Bc5 4. Bxc6 dxc6 5. O-O Bg4 6. d3 Ne7 7. a3 O-O 8. b4
Bd6 9. Nc3 f5 10. exf5 Rxf5 0-1

[Event "AUTO-ADV-408"]
[Site "http://www.queenalice.com/game.php?id=193477"]
[Date "2007.4.7"]
[Round "2"]
[White "mett"]
[Black "mazzini"]
[Result "1-0"]
[WhiteElo "2043"]
[BlackElo "1638"]

1. e4 e5 2. Nf3 Nc6 3. Bb5 d6 4. O-O Bd7 5. Re1 a6 6. Ba4 b5 7. Bb3 Na5 8. c3
Nxb3 9. Qxb3 c5 10. d4 c4 11. Qc2 h6 12. dxe5 dxe5 13. Nxe5 Bd6 14. Nxd7 Qxd7
15. e5 Qe7 16. Qe4 Rb8 17. Qc6+ Kf8 18. Qxd6 Qxd6 19. exd6 Nf6 20. Bf4 g5 21.
Bg3 h5 22. Nd2 Nd7 23. Re7 Rb7 24. Rae1 Rh7 25. Nf3 Rg7 26. Re8# 1-0

[Event "AUTO-ADV-408"]
[Site "http://www.queenalice.com/game.php?id=193478"]
[Date "2007.4.7"]
[Round "2"]
[White "mazzini"]
[Black "mett"]
[Result "0-1"]
[WhiteElo "1636"]
[BlackElo "2055"]

1. e4 c5 2. b3 Nc6 3. Bb2 d6 4. Nf3 e5 5. h3 Nf6 6. d3 Be7 7. c4 O-O 8. Be2 Nh5
9. Nxe5 Nf4 10. Nxc6 bxc6 11. Qd2 Nxg2+ 12. Kd1 Bg5 13. Qc3 Bf6 14. Qd2 Bxb2 15.
Qxb2 Qh4 16. Bf3 Nf4 17. Rg1 g6 18. Bg4 Nxd3 19. Qd2 Nxf2+ 20. Kc1 Nxe4 21. Qg2
Qg5+ 22. Kd1 Bxg4+ 23. hxg4 d5 24. Nd2 Nxd2 25. Qxd2 Qxd2+ 26. Kxd2 Rfe8 27.
Rgf1 Re6 28. Kd3 Rae8 29. Kd2 Re2+ 30. Kc3 R8e3# 0-1

[Event "AUTO-ADV-408"]
[Site "http://www.queenalice.com/game.php?id=193485"]
[Date "2007.4.7"]
[Round "2"]
[White "Goles_Giovano"]
[Black "mazzini"]
[Result "1-0"]
[WhiteElo "2127"]
[BlackElo "1619"]

1. e4 e5 2. f4 d6 3. Nf3 Nf6 4. Nc3 Bg4 5. Bc4 a6 6. fxe5 Bxf3 7. Qxf3 dxe5 8.
d3 h6 9. O-O Bc5+ 10. Kh1 Nc6 11. Nd5 Nd4 12. Nxf6+ gxf6 13. Qh5 Rh7 14. c3 Nc6
15. Qf5 Rg7 16. Qxf6 Qxf6 17. Rxf6 O-O-O 18. Bxh6 Rg6 19. Raf1 Rxf6 20. Rxf6 Rd6
21. Rxd6 cxd6 22. Bxf7 Kd7 23. g4 Ke7 24. Bd5 Kf6 25. h4 Bf2 26. h5 Bh4 27. Kg2
Nd8 28. Bf8 Nf7 29. Bxf7 Kxf7 30. Bxd6 1-0

[Event "AUTO-ADV-408"]
[Site "http://www.queenalice.com/game.php?id=193486"]
[Date "2007.4.7"]
[Round "2"]
[White "mazzini"]
[Black "Goles_Giovano"]
[Result "0-1"]
[WhiteElo "1621"]
[BlackElo "2100"]

1. e4 c5 2. b3 Nc6 3. Bb2 d6 4. h3 Nf6 5. Bxf6 exf6 6. Nf3 f5 7. d3 Be7 8. Nc3
Bf6 9. Be2 Bxc3+ 10. Nd2 Bxa1 11. Qxa1 Nd4 12. Bd1 O-O 13. c3 Nc6 14. Nf3 fxe4
15. dxe4 Re8 16. Bc2 Bf5 17. O-O Bxe4 18. Bxe4 Rxe4 19. c4 Qe7 20. a3 Re8 21.
Qb1 Nd4 22. Nxd4 cxd4 23. a4 Re1 24. Qd3 Rxf1+ 25. Qxf1 Qe1 26. f3 Qxf1+ 27.
Kxf1 d3 0-1

[Event "AUTO-ADV-408"]
[Site "http://www.queenalice.com/game.php?id=193491"]
[Date "2007.4.7"]
[Round "2"]
[White "mazzini"]
[Black "braseiko"]
[Result "0-1"]
[WhiteElo "1617"]
[BlackElo "1853"]

1. e4 c5 2. b3 d5 3. exd5 Qxd5 4. Nc3 Qe5+ 5. Be2 a6 6. Nf3 Qd6 7. O-O Bf5 8.
Bb2 Nf6 9. a4 Nc6 10. Re1 e6 11. Nh4 Bg6 12. d3 Be7 13. Nxg6 hxg6 14. g3 Nh5 15.
Ne4 Qc7 16. c4 O-O-O 17. Bxh5 Rxh5 18. Bxg7 Nd4 19. Bf6 Bxf6 20. Nxf6 Rf5 21.
Ng4 Nf3+ 22. Kg2 Nxe1+ 23. Qxe1 Rxd3 24. Rb1 Rff3 25. Ne5 Rxb3 26. Nxf3 Rxb1 27.
Qc3 Rb4 28. Qh8+ Kd7 29. Ne5+ Ke7 30. Qg7 Kd6 31. Nxf7+ Kc6 32. Ne5+ Kb6 33.
Nd7+ Ka7 34. Qe7 Qc6+ 35. Kh3 Rxc4 36. Ne5 Qd5 37. Nxc4 Qxc4 38. a5 Qd5 39. Qh4
g5 40. Qg4 c4 41. Qe2 Qf5+ 42. g4 Qd3+ 0-1

[Event "AUTO-ADV-408"]
[Site "http://www.queenalice.com/game.php?id=193492"]
[Date "2007.4.7"]
[Round "2"]
[White "braseiko"]
[Black "mazzini"]
[Result "1-0"]
[WhiteElo "1782"]
[BlackElo "1631"]

1. e4 e5 2. Nf3 Nc6 3. Bb5 d6 4. O-O Bd7 5. Nc3 a6 6. Bc4 Nf6 7. d4 exd4 8. Nxd4
Nxd4 9. Qxd4 c5 10. Qe3 Be7 11. Bd2 O-O 12. Nd5 Nxd5 13. exd5 Re8 14. Qg3 g6 15.
Bh6 Bf6 16. Qxd6 b6 17. c3 Bg7 18. Bxg7 Kxg7 19. Rfe1 Rxe1+ 20. Rxe1 b5 21. Bb3
c4 22. Bd1 a5 23. Bf3 Qc8 24. Qe5+ Kg8 25. d6 Ra6 26. Bd5 Qf8 27. Qe7 Ra7 28. h4
h5 29. Bc6 Qxe7 30. Rxe7 Bxc6 31. Rxa7 Kf8 32. Rxa5 Ke8 33. Ra7 Bd5 34. f4 Be6
35. Kf2 Kd8 36. Ke3 Kc8 37. Kd4 Kb8 38. d7 1-0